000 00336nam a2200133Ia 4500
008 240624s9999 xx 000 0 und d
041 _aeng
082 _a332.64524 NEL
100 _aNELKEN IZZY
245 _aHEDGE FUND AND INVESTMENT MANAGEMENT
260 _c2007
_aOxford
_bElsevier
300 _axvi, : 149p. ; 23cm.
365 _cRS
_b33
999 _c4629
_d4629